| 000 | 00714nam a2200169 4500 | ||
|---|---|---|---|
| 001 | 122734 | ||
| 003 | ES-MaACL | ||
| 005 | 20230906192031.0 | ||
| 007 | t| | ||
| 008 | 070214s1914 xxu r ||||1| eng d | ||
| 110 | 0 | 0 |
_aAmerican Society for Judicial Settlement of International Disputes. _bNational Conference ( _cWashington ( _d1912. _n4ยช) _91376 |
| 245 | 1 | 0 |
_aProceedings of Fourth National Conference, American Society for Judicial Settlement of International Disputes _b: December 4-6, 1914?, Washington, D.C. / _cedited by James Brown Scott. |
| 260 |
_aBaltimore : _bWilliams & Wilkins, _c1914. |
||
| 300 |
_aXI, 432 p. ; _c24 x 17 cm. |
||
| 700 | 1 |
_aScott, James Brown. _9104950 |
|
| 852 |
_aES-MaACL _jF-1281 |
||
| 999 |
_c122734 _d122734 |
||